Anagrammes aléatoires des chef-lieux français - Statistiques

Statistiques générales
  • Ce quiz a été pris 870 fois
  • Le résultat moyen est 12 sur 20
Statistiques - réponses
Chef-Lieu % Correct
Pau
98%
Lille
96%
Gap
95%
Metz
95%
Lyon
92%
Caen
89%
Dijon
87%
Nice
87%
Ajaccio
86%
Foix
86%
Nîmes
84%
Paris
84%
Besançon
83%
Arras
80%
Tours
80%
Laval
76%
Agen
75%
Albi
75%
Bordeaux
75%
Mâcon
73%
Rodez
73%
Laon
71%
Rennes
71%
Perpignan
68%
Blois
66%
Rouen
65%
Alençon
64%
Auch
64%
Carcassonne
64%
Toulon
64%
Melun
63%
Auxerre
62%
Châteauroux
60%
Périgueux
60%
Nancy
58%
Montpellier
57%
Toulouse
57%
Avignon
56%
Bastia
56%
Orléans
56%
Strasbourg
56%
Quimper
55%
Angoulême
54%
Troyes
54%
Tulle
54%
Annecy
53%
Vannes
52%
Bourges
51%
Niort
51%
Vesoul
51%
Belfort
50%
Cayenne
49%
Évreux
49%
Mamoudzou
49%
Valence
49%
Marseille
48%
Nantes
48%
Mende
46%
Bobigny
43%
Chambéry
43%
Grenoble
41%
Angers
40%
Cahors
40%
Limoges
40%
Versailles
40%
Montauban
39%
Colmar
38%
Tarbes
37%
Chartres
35%
Épinal
35%
Guéret
35%
Beauvais
34%
Amiens
33%
Nevers
32%
Moulins
31%
Poitiers
31%
Nanterre
28%
Créteil
27%
Privas
26%
Aurillac
24%
Chaumont
18%
Aucun quiz correspondant
Distribution des résultats
% des personnes avec chaque résultat
Percentile par nombre de réponses
Votre historique - résultats
Vous n’avez pas pris ce quiz